000 00634nam a2200217Ia 4500
003 OSt
005 20220925215343.0
006 a|||||r|||| 00| 0
007 ta
008 220923b |||||||| |||| 00| 0 eng d
037 _cGeneral Book
040 _aRTL
_cRTL
_beng
041 _2eng
_aeng
082 _aX:5.7920j71.N61<N50r, K1
245 0 _aBarbados
_b Report for the years,1958 and 1959.
260 _aLondon
_bHer Majesty's Stationary Office
_c1961
300 _a158p.
_ccm.
500 _aAppendix :129-148p.
942 _hX:5.7920j71.N61<N50r, K1
_cGB
_2CC
999 _c568583
_d568583